Name one city that... #15 - Statistics

General Stats
  • This quiz has been taken 63 times
  • The average score is 14 of 20
Answer Stats
Name one city that... City % Correct
Is one of the 5 cities with the largest GDP out of any city in Africa Cairo | Cape Town | Durban | Johannesburg | Pretoria
95%
Is a city in Brazil with over a million people whose name is made up of two words Belo Horizonte | Porto Alegre | São Gonçalo | São Luís | São Paulo
93%
Is a capital city and starts with the same letter as its country's name, excluding the ones that contain its country's name Algiers | Bandar Seri Begawan | Belmopan | Brasília | Bridgetown | Brussels | Georgetown | Majuro | Maputo | Niamey | Port Moresby | Seoul | Sri
Jayawardenepura
Kotte | Stockholm | Taipei | Tunis
92%
Is the most famous city due to gambling in one of the top 2 current superpowers of the world Macau | Las Vegas
90%
Is in the European Union and has a higher population than Vienna Berlin | Bucharest | Madrid | Paris | Rome
88%
Is the most populous city in one of the 5 biggest Mediterranean islands by size Ajaccio | Cagliari | Heraklion | Nicosia | Palermo
87%
Is the biggest city in a double landlocked country Schaan | Tashkent
83%
Was the birthplace of a People's Republic of China's leader Beijing | Guang'an | Jiaocheng | Shaoshan | Taizhou | Yangzhou
82%
Is a city in Africa with an underground metro system Abuja | Abidjan | Algiers | Cairo
80%
Is one of the 3 largest cities along the Suez Canal Ismailia | Port Said | Suez
75%
Is a Chinese port that was opened up for trade to the British Empire after the First Opium War Fuzhou | Guangzhou | Ningbo | Shanghai | Xiamen
73%
Has over 200 000 people, and is along the Rio Grande / Río Bravo Albuquerque | Ciudad Juárez | El Paso | Heroica Matamoros | Laredo | Nuevo Lredo | Reynosa
70%
Is one of the provincial capitals of Andalusia, Spain Almería | Cádiz | Córdoba | Granada | Huelva | Jaén | Málaga | Sevilla
70%
Has over 100 000 people, is along the river Rhine and is not located in Germany Arnhem | Basel | Dordrecht | Nijmegen | Rotterdam | Strasbourg
68%
Is a Mexican state capital further than 1 000 km from Mexico City Chetumal | Chihuahua | Culiacán | Hermosillo | La Paz | Mérida | Mexicali
57%
Is located on an island and has been the starting point for a Tour de France, one of the most famous cycling competitions Copenhagen | Dublin | Leeds | London
55%
Is in New Zealand, has more than 50 000 inhabitants and has a namesake in Canada Hamilton | Nelson
55%
Is not a capital city and has hosted a NATO Summit Bonn | Cardiff | Chicago | Istanbul | Kehl | Newport | Strasbourg | Watford
53%
Has over 200 000 people and its name contains 'oo' (two letters 'o' one after the other) Espoo | Liverpool | Pyin Oo Lwin | Saskatoon
32%
Will officially become a city in the UK in 2022, as part of Queen Elizabeth II's Platinum Jubilee celebrations Bangor | Colchester | Doncaster | Douglas | Dunfermline | Milton Keynes | Stanley | Wrexham
20%
No matching quizzes found
Score Distribution
Percent of People with Each Score
Percentile by Number Answered
Your Score History
You have not taken this quiz